000 00339nam a2200145Ia 4500
008 150201s2005 xx 000 0 und d
082 _a617.51
_bC05W
100 _aWAKODE, P.T.
245 _aCLINICAL METHODS IN ENT
250 _a1ST
260 _bJAYPEE BROTHERS
_aDELHI
_c2005
300 _a1-163
650 _aE.N.T.
942 _2ddc
_cBK
_02
999 _c121
_d121